Loading...

Rashtra silppi /

Bibliografiske detaljer
Hovedforfatter: Damodaran, Ponkunnam .
Format: Printed Book
Sprog:Malayalam
Udgivet: Quilon : M.S Book Depot , 1961.
LEADER 00549cam a2200181ua 4500
020 |c 1.25 
041 |a mal 
082 |a 894.8122  |b DAM/RA 
100 |a Damodaran, Ponkunnam . 
245 |a Rashtra silppi /   |c Ponkunnam Damodaran.  |h Textual Documents 
260 |a Quilon :   |b M.S Book Depot ,   |c 1961. 
300 |a 100 ; . 
365 |a 1.25 
504
541 |e 1365   |h 1.25 
942 |c BK 
999 |c 29331  |d 29331 
952 |0 0  |1 0  |4 0  |6 894_812200000000000  |7 0  |9 38324  |a KAUAET  |b KAUAET  |d 2012-04-07  |m 0  |o 894.8122  |p KAU_KCAET-1365   |r 2012-04-07  |w 2012-04-07  |y BK